La asistencia técnica : propuesta metodológica para el trabajo con productores campesinos.

Збережено в:
Бібліографічні деталі
Автор: Aguirre, Francisco (autor)
Інші автори: Delpiano, Adriana (autor) (autor), Rey, Daniel (autor) (autor)
Формат: Книга
Мова:Іспанська
Предмети:
Теги: Додати тег
Немає тегів, Будьте першим, хто поставить тег для цього запису!

MARC

LEADER 00000cam^a2200000uu^4500
001 000479970
005 20250521000000.0
008 050901s1987^^^^^^^^^^^^rd^r^^000^0^spa^d
009 20260310124950.928
035 |a FCE 000022978 
035 |a FCE 004157 
037 |a Acervo ITESO - Biblioteca 
041 |a spa 
082 0 4 |a 305.56  |b AGUa 
100 |a Aguirre, Francisco  |e (autor) 
245 1 3 |a La asistencia técnica :  |b propuesta metodológica para el trabajo con productores campesinos. 
264 |a Santiago de Chile :  |b PIIE,  |c 1987. 
300 |a 105 p. 
336 |a texto  |b txt  |2 rdacontenido 
337 |a sin mediación  |b n  |2 rdamedio 
338 |a volumen  |b nc  |2 rdasoporte 
649 |a XX 
650 |a Agricultura 
650 |a Desarrollo rural 
650 |a Campesinos 
650 |a Metodología de la investigación 
650 |a Asistencia técnica 
650 |a Organización de la comunidad 
650 |a Evaluación del aprendizaje 
650 |a Trabajo de grupo 
650 |a Chile 
700 |a Delpiano, Adriana  |e (autor) 
700 |a Rey, Daniel  |e (autor) 
910 |a Fondo Centro de Estudios Educativos 
920 |a Impresos - Libros 
930 |a Fondos Especiales 
905 |a 133 
901 |a ALE004157  |b IT2  |c CEE  |u 20250521 
902 |a https://opac.biblio.iteso.mx/vufind/Record/000479970